000 00638 a2200193 4500
020 _a0124291503
020 _a9780124291508
082 0 4 _a538.36
090 _c634
_d634
100 1 _aKuperman, Vadim.
245 1 0 _aMagnetic resonance imaging :
_bphysical principles and applications /
_cVadim Kuperman.
250 _a1st ed.
260 _a[S.l.] :
_bAcademic Press,
_c2000.
300 _a182 p. ;
_c24 cm.
490 1 _aElectromagnetism.
830 0 _aElectromagnetism.
942 _aSNS
_cBK
_k538.36 KUP
999 _c29264
_d29264